"The" Countries - Statistics

General Stats
  • This quiz has been taken 335 times
    289 since last reset
  • The average score is 10 of 18
Answer Stats
Country % Correct
THE United States of America
84%
THE U.K. of Great Britain and Northern Ireland
81%
THE Netherlands
69%
THE Democratic Republic of THE Congo
68%
THE United Arab Emirates
66%
THE Republic of THE Congo
64%
THE Gambia
56%
THE Solomon Islands
53%
THE Marshall Islands
52%
THE Bahamas
49%
THE Federated States of Micronesia
47%
THE Maldives
44%
THE Philippines
44%
THE Seychelles
43%
THE Comoros Islands
37%
THE Dominican Republic
37%
St. Vincent & THE Grenadines
32%
THE Czech Republic
27%
No matching quizzes found
Score Distribution
Percent of People with Each Score
Percentile by Number Answered
Your Score History
You have not taken this quiz since the last reset